| 000 | 00607cam a22001934a 4500 | ||
|---|---|---|---|
| 020 | _a0072423706 (alk. paper) | ||
| 040 | _cDLC | ||
| 082 | 0 | 0 | _a621 HIL 2001 A038 Or. |
| 100 | 1 | _aCathey, Jimmie J. | |
| 245 | 1 | 0 |
_aElectric machines : _banalysis and design applying Matlab / |
| 260 |
_aBoston : _bMcGraw-Hill, _c2001. |
||
| 300 |
_axiv, 530 p. : _bill. ; _c24 cm. |
||
| 650 | 0 | _aElectric machinery | |
| 650 | 0 | _aElectric machinery | |
| 650 | 0 | _aMATLAB. | |
| 856 | 4 | 2 | _uhttp://www.loc.gov/catdir/description/mh021/00051753.html |
| 856 | 4 | 1 | _uhttp://www.loc.gov/catdir/toc/mh021/00051753.html |
| 942 | _cEK | ||
| 999 |
_c11464 _d11464 |
||